Распоряжение ГКО СССР № 4019 с об изменении для Наркомата внутренних дел плана закладки дров в госрезерв в г. Москве

RUSMARC
00005445cbm0a2200337#x 450
0015d897a89-8871-4626-aa13-30bbe0f198f5
00520250521112641.0
100##$a20250521j19430901k###0rusy50 ca
1010#$arus
102##$aRU
105##$ay###z########
1220#$ad19430901##
2001#$aРаспоряжение ГКО СССР № 4019 с об изменении для Наркомата внутренних дел плана закладки дров в госрезерв в г. Москве
$j1 сентября 1943 г.
251##$cДокумент
300##$aРассылочный и подлинный экземпляры
461#0$12001
$aФ. 644
$1251
$cФонд
$1852
$j644
462#0$12001
$aОп. 1
$1251
$cОпись
$1852
$j1
60101$2nlr_sh
$3RU\NLR\AUTH\661357733
$aСССР
$bГосударственный Комитет Обороны
$xИстория
$jДокументы и материалы
605##$2prlib_sh
$3LIBNET\UAF\0000088514
$aВторая мировая война в архивных документах (Комплекс оцифрованных архивных документов, кино- и фотоматериалов)
$lколлекция
605##$2acquisition_Prlib
$3DITM\AF\0000002775
$aВласть
$lколлекция
6061#$2nlr_sh
$3RU\NLR\AUTH\661280795
$aВеликая Отечественная война
$z1941 - 1945
$xТыл(воен.)
$jДокументы и материалы
6061#$2nlr_sh
$3RU\NLR\AUTH\661323374
$aПромышленность
$xИстория
$yСССР
$z1941 - 1945
$jДокументы и материалы
6061#$2nlr_sh1
$3RU\NLR\AUTH\66399002
$aДрова
$xХранение
$jДокументы и материалы
6061#$2nlr_sh1
$3RU\NLR\AUTH\66663295
$aМатериально-техническое снабжение
$yМосква, город
$jДокументы и материалы
686##$a63.3(2)622,12ю1
$vLBC/M
$2rubbk
686##$a65.03(2)622ю1
$vLBC/M
$2rubbk
801#0$aRU
$bПБ им. Б.Н. Ельцина
$c20250521
801#1$aRU
$bПБ им. Б.Н. Ельцина
$c20250521
$2rusmarc
801#2$aRU
$bПБ им. Б.Н. Ельцина
$c20250521
$2rusmarc
850##$aРоссийский государственный архив социально-политической истории
852##$aРГАСПИ
$jД. 147. Л. 246-246об.; Оп. 2. Д. 208. Л. 174-174об.
035##$aLIBNET\0001474777
937##$d196746587
$hФедеральное архивное агентство
8564#$uhttp://readingroom.main.prlib.ru/item.aspx?id_node=n196746587&mode=full
Формат отображения